| Поле | Инд. | ПП | Название | Значение |
|---|---|---|---|---|
| Тип записи | a | |||
| Библиографический уровень | m | |||
| 001 | Контрольный номер | fd668be2-a3c3-4369-80aa-60bf80e8b0e3 | ||
| 005 | Дата корректировки | 20250825162625.6 | ||
| 008 | Кодируемые данные | 990617 d | ||
| 020 | a | ISBN | 5-89317-039-3 | |
| c | Цена, тираж | 2.50 | ||
| 040 | a | Служба первич. каталог. | НБ ТвГУ | |
| 041 | 0_ | a | Код языка текста | rus |
| 080 | a | Индекс УДК | 9(47+57) | |
| a | Индекс УДК | 947.0 | ||
| 084 | a | Индекс другой классификации/Индекс ББК | Т3(2)64 | |
| a | Индекс другой классификации/Индекс ББК | Т3(2РОС)64 | ||
| 090 | a | Полочн. индекс | Т3(2)64 | |
| x | Авторский знак | С56 | ||
| c | Каталожный индекс | Т3(2)64 + Т3(2РОС)64 | ||
| 100 | 1_ | a | Автор | Согрин Владимир Викторович |
| e | Роль лиц | Автор | ||
| 245 | 0_ | a | Заглавие | Либерализм в России: перипетии и перспективы |
| b | Продолж. заглавия | Пробл. формирования открытого о-ва в России | ||
| c | Ответственность | В.В. Согрин; Ин-т "Открытое о-во" | ||
| c | Ответственность | Ин-т "Открытое о-во" | ||
| 260 | 0_ | a | Место издания | Москва |
| b | Издательство | Изд-во Магистр | ||
| c | Дата издания | 1997 | ||
| 300 | a | Объем | 39,[1] с. | |
| 440 | _0 | a | Серия | Общество и проблемы |
| 500 | a | Примечание | Библиогр.: с.39-40. | |
| 500 | a | Примечание | НАСТОЯЩИЙ МАТЕРИАЛ (ИНФОРМАЦИЯ) ПРОИЗВЕДЕН, РАСПРОСТРАНЕН И (ИЛИ) НАПРАВЛЕН ИНОСТРАННЫМ АГЕНТОМ ДЖ. СОРОСОМ, ЯВЛЯЮЩИМСЯ УЧРЕДИТЕЛЕМ (ЧЛЕНОМ, УЧАСТНИКОМ, РУКОВОДИТЕЛЕМ ИЛИ ЛИЦОМ, ВХОДЯЩИМ В СОСТАВ ОРГАНА ЛИЦ УКАЗАНЫХ В ЧАСТИ 4 СТАТЬИ 9 ФЕДЕРАЛЬНОГО ЗАКОНА «О КОНТРОЛЕ ЗА ДЕЯТЕЛЬНОСТЬЮ ЛИЦ, НАХОДЯЩИХСЯ ПОД ИНОСТРАННЫМ ВЛИЯНИЕМ») ФОНДА «ОТКРЫТОЕ ОБЩЕСТВО», ВКЛЮЧЕННОГО В РЕЕСТР ИНОСТРАННЫХ АГЕНТОВ | |
| 583 | a | Действие | Получение впервые 148 02.03.98 | |
| k | Исполнитель действия | Дар института "Открытое общество" | ||
| 583 | a | Действие | Приписка 425 11.08.98 | |
| k | Исполнитель действия | Дар института "Открытое общество" | ||
| 583 | a | Действие | Приписка 358 11.06.99 | |
| k | Исполнитель действия | Дар института "Открытое общество" | ||
| 583 | a | Действие | Приписка 223 28.05.2004 | |
| k | Исполнитель действия | Дар института "Открытое общество" | ||
| 653 | 0_ | a | Ключевые слова | Гайдар |
| a | Ключевые слова | Горбачев | ||
| a | Ключевые слова | История России | ||
| a | Ключевые слова | История СССР | ||
| a | Ключевые слова | Либерализм | ||
| a | Ключевые слова | Реформы в России | ||
| a | Ключевые слова | Россия | ||
| a | Ключевые слова | СССР | ||
| 852 | 41 | t | Порядковый номер экземпляра | 2 |
| p | Инвентарный номер | 710998 | ||
| p | Инвентарный номер | 710999 | ||
| 852 | 41 | t | Порядковый номер экземпляра | 4 |
| p | Инвентарный номер | 784911 6.00 | ||
| p | Инвентарный номер | 699299 | ||
| p | Инвентарный номер | 699301 | ||
| p | Инвентарный номер | 699302 | ||
| 888 | a | Бесплатные | ||
| 952 | p | 148.98 2.50 1 693618 | ||
| p | 148.98 2.50 1 693619 | |||
| p | 148.98 2.50 1 693620 | |||
| p | 148.98 2.50 1 693621 | |||
| p | 425.98 2.50 1 699298 | |||
| p | 425.98 2.50 1 699299 | |||
| p | 425.98 2.50 1 699300 | |||
| p | 425.98 2.50 1 699301 | |||
| p | 425.98 2.50 1 699302 | |||
| p | 358.99 2.50 1 710998 | |||
| p | 358.99 2.50 1 710999 | |||
| p | 223.2004 6.00 1 784911 | |||
| c | Вид литературы | К рн | ||
| 954 | a | Дата поступления на обработку | 27.02.98 | |
| 999 | a | Подразделение 2 | Каб.СГН | |
| a | Подразделение 2 | кх. |